[Event "Sparkassen-Open J"]
[Site "Heusenstamm, Martinsee"]
[Date "2021.11.20"]
[Round "4.18"]
[White "Scheerer, Amelie"]
[Black "Kanno, Gabriel Felix"]
[Result "1-0"]
[WhiteElo "1134"]
[BlackElo "852"]
[PlyCount "43"]
[EventDate "2021.??.??"]
[WhiteTeam "SV Ffm-Griesheim"]
[BlackTeam "SK Altenkirchen"]

1. e4 e5 2. Nf3 Nc6 3. Bc4 Bc5 4. c3 Nf6 5. d4 exd4 6. e5 Ng4 7. cxd4 Bb4+ 8.
Nc3 d6 9. O-O O-O 10. h3 Bxc3 11. bxc3 Nh6 12. Bxh6 gxh6 13. Qd2 Bf5 14. Qxh6
Kh8 15. Ng5 Ne7 16. Nxf7+ Kg8 17. Nxd8+ Kh8 18. Nf7+ Kg8 19. Ng5+ Kh8 20. Ne6
Rg8 21. Qf6+ Rg7 22. Qxg7# 1-0

[Event "Sparkassen-Open J"]
[Site "Heusenstamm, Martinsee"]
[Date "2021.11.20"]
[Round "4.19"]
[White "Niesel, Sebastian"]
[Black "Paschedag, Vivien"]
[Result "1-0"]
[WhiteElo "1087"]
[BlackElo "851"]
[PlyCount "57"]
[EventDate "2021.??.??"]
[WhiteTeam "SV Ffm-Griesheim"]
[BlackTeam "SC Heusenstamm"]

1. e4 e5 2. Nf3 Nc6 3. d4 exd4 4. Nxd4 Bc5 5. Nb3 d6 6. Nxc5 dxc5 7. Qxd8+ Nxd8
8. Bc4 Nf6 9. Nc3 O-O 10. O-O Re8 11. Re1 Nc6 12. Bg5 Ng4 13. Nd5 Be6 14. Bb3
Rac8 15. h3 Nge5 16. Bf4 Bd7 17. Rad1 Nd4 18. Nc3 c4 19. Bxe5 Rxe5 20. Rxd4
cxb3 21. Rxd7 bxc2 22. Rc1 f5 23. Rxc2 fxe4 24. Re2 a5 25. Rxe4 Rc5 26. Ree7 b6
27. Rxg7+ Kf8 28. Rxh7 Re8 29. Rh8# 1-0

[Event "Sparkassen-Open J"]
[Site "Heusenstamm, Martinsee"]
[Date "2021.11.20"]
[Round "4.20"]
[White "Biallas, Flynn"]
[Black "Englert, Ann"]
[Result "0-1"]
[WhiteElo "832"]
[BlackElo "992"]
[PlyCount "74"]
[EventDate "2021.??.??"]
[WhiteTeam "SK Marburg"]
[BlackTeam "TV-Großostheim"]

1. e4 c5 2. Nf3 Nc6 3. Nc3 g6 4. Bc4 Bg7 5. d3 d6 6. O-O Nf6 7. d4 O-O 8. d5
Na5 9. b3 Nxc4 10. bxc4 e6 11. Bg5 Qa5 12. Qd2 exd5 13. cxd5 Re8 14. Bxf6 Bxf6
15. Ne2 Qxd2 16. Nxd2 Bxa1 17. Rxa1 b6 18. Nf4 Ba6 19. Re1 Re5 20. Nf3 Re7 21.
h4 Rae8 22. Ng5 h6 23. Nf3 Rxe4 24. Rxe4 Rxe4 25. g3 b5 26. h5 g5 27. Ng2 Rc4
28. Nd2 Rxc2 29. Ne4 c4 30. Nf6+ Kg7 31. Nd7 Rd2 32. Ne3 c3 33. Nf5+ Kh7 34.
Nf6+ Kh8 35. Nxd6 c2 36. Nxf7+ Kg7 37. Ne8+ Kxf7 0-1

[Event "Sparkassen-Open J"]
[Site "Heusenstamm, Martinsee"]
[Date "2021.11.20"]
[Round "4.21"]
[White "Claussen, Daniela"]
[Black "Shanmuganathan, Adhav"]
[Result "1-0"]
[WhiteElo "990"]
[BlackElo "793"]
[PlyCount "45"]
[EventDate "2021.??.??"]
[WhiteTeam "SF Essen-Werden"]
[BlackTeam "SV Ffm-Griesheim"]

1. e3 e5 2. b3 g6 3. Bb2 Bg7 4. f4 Nc6 5. Nf3 d6 6. Bb5 Nge7 7. O-O Bg4 8. h3
Bh5 9. Qe1 Bxf3 10. Rxf3 O-O 11. d3 a6 12. Bxc6 Nxc6 13. Nd2 Nb4 14. Rc1 e4 15.
Nxe4 Bxb2 16. Rb1 Ba3 17. f5 Nxc2 18. Qf2 Nb4 19. f6 Nxd3 20. Qh4 Re8 21. Qh6
Qxf6 22. Nxf6+ Kh8 23. Qxh7# 1-0

[Event "Sparkassen-Open J"]
[Site "Heusenstamm, Martinsee"]
[Date "2021.11.20"]
[Round "4.27"]
[White "Meier, Viktoria"]
[Black "Kim, David"]
[Result "1-0"]
[WhiteElo "1312"]
[BlackElo "807"]
[PlyCount "71"]
[EventDate "2021.??.??"]
[WhiteTeam "Eichstetten"]
[BlackTeam "SV Hofheim"]

1. d4 d5 2. e3 Nf6 3. c3 Nc6 4. f4 Bf5 5. Nf3 e6 6. Be2 Bd6 7. Ne5 Ne7 8. Bd3
Bg6 9. Be2 O-O 10. Nxg6 Nxg6 11. O-O Qd7 12. Nd2 Ng4 13. Bxg4 Qe7 14. Qe1 Qh4
15. Qxh4 Nxh4 16. Nf3 Nxf3+ 17. Rxf3 h6 18. f5 b5 19. fxe6 fxe6 20. Bxe6+ Rf7
21. Bxf7+ Kh8 22. Bxd5 Rd8 23. e4 a5 24. Bf4 Bxf4 25. Rxf4 Kh7 26. Bc6 b4 27.
cxb4 axb4 28. e5 Kg6 29. Raf1 Rb8 30. Be4+ Kh5 31. Rf5+ g5 32. e6 Re8 33. Re5
Re7 34. Rf4 Re8 35. g3 Re7 36. Rh4# 1-0

[Event "Sparkassen-Open J"]
[Site "Heusenstamm, Martinsee"]
[Date "2021.11.21"]
[Round "5.1"]
[White "Mohammadzadeh, Daris"]
[Black "Sydykov, Bayastan"]
[Result "0-1"]
[WhiteElo "1335"]
[BlackElo "1544"]
[PlyCount "118"]
[EventDate "2021.??.??"]
[WhiteTeam "Vorw.Orient Mainz"]
[BlackTeam "SK GieÃŸen"]

1. e4 e6 2. d4 d5 3. exd5 exd5 4. Bd3 Nf6 5. Nf3 Bd6 6. h3 O-O 7. O-O c6 8. Re1
Re8 9. Bg5 Be6 10. Ne5 Be7 11. Nd2 Nbd7 12. Nxd7 Nxd7 13. Bf4 Nf8 14. Nf3 Bd6
15. Bxd6 Qxd6 16. Ng5 h6 17. Nxe6 Nxe6 18. c3 Nf4 19. Qf3 Qf6 20. Bc2 Kf8 21.
Re3 Re6 22. Rae1 Rae8 23. Kh2 Rxe3 24. Rxe3 Qd6 25. g3 Rxe3 26. fxe3 Ne6 27. h4
b6 28. e4 dxe4 29. Qxe4 Nc7 30. Bb3 g6 31. Qf3 f5 32. Qe3 Kg7 33. Qf4 Qxf4 34.
gxf4 Ne8 35. Bd1 Nf6 36. Bf3 c5 37. d5 Kf7 38. c4 Ke7 39. Kg3 Kd6 40. h5 g5 41.
fxg5 hxg5 42. h6 Ke7 43. Kf2 Kf7 44. d6 Ke6 45. Bh5 Kxd6 46. Bg6 Ng4+ 47. Kg3
Nxh6 48. Bh5 Ke5 49. Bd1 f4+ 50. Kf2 g4 51. Kg2 Nf5 52. Kg1 f3 53. Kf2 Kf4 54.
Bc2 g3+ 55. Kg1 f2+ 56. Kf1 Ne3+ 57. Ke2 f1=Q+ 58. Kd2 Qe2+ 59. Kc3 Qxc2# 0-1

[Event "Sparkassen-Open J"]
[Site "Heusenstamm, Martinsee"]
[Date "2021.11.21"]
[Round "5.2"]
[White "Dubinker, Philipp"]
[Black "Schwab, Lysander"]
[Result "0-1"]
[WhiteElo "1572"]
[BlackElo "1282"]
[PlyCount "80"]
[EventDate "2021.??.??"]
[WhiteTeam "SK Marburg"]
[BlackTeam "SC Aschaffenburg"]

1. e4 c5 2. Nf3 Nc6 3. d4 cxd4 4. Nxd4 Nf6 5. Nc3 e5 6. Ndb5 d6 7. Nd5 Nxd5 8.
exd5 Ne7 9. c4 Bf5 10. Qa4 Nc6 11. dxc6 bxc6 12. Nc3 Bd7 13. Qc2 Rc8 14. Qd1
Be7 15. Be3 Qa5 16. Bd2 Qc7 17. Be2 O-O 18. O-O Be6 19. Kh1 d5 20. cxd5 cxd5
21. Rc1 Qb8 22. b3 Rfd8 23. f4 d4 24. Ne4 f5 25. Ng3 d3 26. fxe5 dxe2 27. Qxe2
Bd7 28. Rxc8 Rxc8 29. Nxf5 Bc5 30. e6 Bb5 31. Qg4 Qc7 32. Nh6+ Kh8 33. Rf7 Qe5
34. Rf1 gxh6 35. Re1 Qf6 36. Bf4 Bd4 37. Bxh6 Rg8 38. Qh5 Bc6 39. h3 Bxg2+ 40.
Kh2 Bf3 0-1

[Event "Sparkassen-Open J"]
[Site "Heusenstamm, Martinsee"]
[Date "2021.11.21"]
[Round "5.3"]
[White "Nagel, Daniel"]
[Black "Sreeramulu, Aarush"]
[Result "1/2-1/2"]
[WhiteElo "1329"]
[BlackElo "1227"]
[PlyCount "64"]
[EventDate "2021.??.??"]
[WhiteTeam "SC Aschaffenburg"]
[BlackTeam "SK Marburg"]

1. d4 d5 2. Nf3 Bf5 3. g3 c5 4. Bg2 e6 5. O-O Nc6 6. b3 Nf6 7. Bb2 Be7 8. dxc5
Bxc5 9. Nbd2 O-O 10. e3 Ne4 11. Nxe4 Bxe4 12. Qe2 a6 13. Rfd1 Rc8 14. c4 Qe7
15. cxd5 exd5 16. Nh4 Rfd8 17. Qg4 g6 18. Bxe4 Qxe4 19. Qf3 Qxf3 20. Nxf3 Bf8
21. Rd2 Bg7 22. Bxg7 Kxg7 23. Rad1 Ne7 24. e4 Rc5 25. b4 Rb5 26. a3 h6 27. Rd4
Nc6 28. Rxd5 Rbxd5 29. exd5 Ne7 30. d6 Kf6 31. Kg2 Nf5 32. Nd2 Ke6 1/2-1/2

[Event "Sparkassen-Open J"]
[Site "Heusenstamm, Martinsee"]
[Date "2021.11.21"]
[Round "5.4"]
[White "Snover, Tom"]
[Black "Will, Elina"]
[Result "1/2-1/2"]
[WhiteElo "1491"]
[BlackElo "1224"]
[PlyCount "68"]
[EventDate "2021.??.??"]
[WhiteTeam "SC Aschaffenburg"]
[BlackTeam "TuS Makkabi Wiesbaden"]

1. e4 d5 2. exd5 Nf6 3. Bc4 Nxd5 4. d3 e5 5. Nf3 Bg4 6. h3 Bxf3 7. Qxf3 c6 8.
Nc3 Bb4 9. Bd2 Qa5 10. O-O O-O 11. Nxd5 cxd5 12. Bxb4 Qxb4 13. Bxd5 Nc6 14. Bb3
a5 15. a3 Qb6 16. Qe3 Nd4 17. a4 Qc7 18. Rac1 Kh8 19. Rfe1 Rfe8 20. Bc4 f5 21.
c3 f4 22. Qe4 Nc6 23. Re2 Re7 24. Qf5 Qd6 25. Rce1 Rae8 26. Bb5 g6 27. Qe4 Kg7
28. Bxc6 bxc6 29. Qc4 Qd5 30. Qxd5 cxd5 31. g3 g5 32. gxf4 gxf4 33. f3 Kf6 34.
Kf2 Kf5 1/2-1/2

[Event "Sparkassen-Open J"]
[Site "Heusenstamm, Martinsee"]
[Date "2021.11.21"]
[Round "5.5"]
[White "Inan, Emir"]
[Black "Meng, Yuxuan"]
[Result "1-0"]
[WhiteElo "1176"]
[BlackElo "1419"]
[PlyCount "145"]
[EventDate "2021.??.??"]
[WhiteTeam "SV Neu-Isenburg"]
[BlackTeam "SC Viernheim"]

1. d4 d5 2. c4 e6 3. Nc3 Nf6 4. Bg5 Nbd7 5. Nf3 c6 6. e3 Qa5 7. a3 Ne4 8. Qc1
Ndf6 9. Bxf6 Nxf6 10. c5 Be7 11. Bd3 O-O 12. O-O Qc7 13. e4 dxe4 14. Nxe4 Rd8
15. Qc2 h6 16. Rfd1 Nd7 17. b4 e5 18. Bc4 exd4 19. Rxd4 Nf6 20. Rxd8+ Qxd8 21.
Rd1 Qc7 22. h3 Qf4 23. Rd4 Bf5 24. Nxf6+ Bxf6 25. Bxf7+ Kh7 26. Rxf4 Bxc2 27.
Ne1 Be5 28. Rf3 Bb1 29. Nd3 Bf6 30. g4 Rd8 31. Bc4 Rd4 32. Nb2 Be4 33. Re3 Bg5
34. Rxe4 Rxe4 35. Bd3 Bc1 36. Bxe4+ Kg8 37. Nc4 Kf8 38. Kg2 Ke7 39. Kg3 g5 40.
h4 Kf6 41. hxg5+ hxg5 42. f3 Ke6 43. Kf2 Kd7 44. Ke2 Bf4 45. a4 Kc7 46. Kd3 Kd7
47. Kd4 Kc7 48. b5 cxb5 49. axb5 b6 50. cxb6+ axb6 51. Bc6 Bg3 52. Ke4 Bf4 53.
Kf5 Bc1 54. Ne5 Kd6 55. Nf7+ Ke7 56. Nxg5 Kf8 57. Ne6+ Ke7 58. g5 Kf7 59. g6+
Kg8 60. g7 Bb2 61. f4 Kf7 62. Be8+ Kg8 63. Ke4 Bf6 64. Kd5 Bh4 65. f5 Bf6 66.
Kc6 Bc3 67. Kxb6 Bb2 68. Kc7 Be5+ 69. Kc8 Bf6 70. b6 Bc3 71. b7 Be5 72. Nc7
Kxg7 73. b8=Q 1-0

[Event "Sparkassen-Open J"]
[Site "Heusenstamm, Martinsee"]
[Date "2021.11.21"]
[Round "5.6"]
[White "Bichert, Iwan"]
[Black "Sensoy, Emir"]
[Result "0-1"]
[WhiteElo "1102"]
[BlackElo "1367"]
[PlyCount "88"]
[EventDate "2021.??.??"]
[WhiteTeam "TuS Makkabi Wiesbaden"]
[BlackTeam "MSA Zugzwang"]

1. e4 c5 2. c3 e6 3. d4 d5 4. e5 f6 5. f4 Nc6 6. Nf3 Be7 7. Be2 Nh6 8. O-O O-O
9. Nbd2 Nf5 10. Nb3 c4 11. Nbd2 Ne3 12. Qe1 Nxf1 13. Nxf1 fxe5 14. fxe5 Rf5 15.
Qg3 Rh5 16. Ne1 Bh4 17. Qg4 Rf5 18. Nf3 Be7 19. Ng3 Rf7 20. Bg5 Qf8 21. Bxe7
Nxe7 22. Nh5 Kh8 23. Ng5 Rf5 24. Ng3 Rf4 25. Qh5 h6 26. Qh3 Nf5 27. Nh5 Rh4 28.
Qf3 hxg5 29. g3 g4 30. Qg2 Rxh5 31. Bxg4 Ne3 32. Qe2 Nxg4 33. Qxg4 Qf5 34. Qe2
Bd7 35. Rf1 Qg5 36. Rf7 Ba4 37. Rxb7 Rf8 38. b3 Qc1+ 39. Kg2 Rhf5 40. Qg4 Rf2+
41. Kh3 Qf1+ 42. Kh4 Rxh2+ 43. Kg5 Rf5+ 44. Kg6 Rh6# 0-1

[Event "Sparkassen-Open J"]
[Site "Heusenstamm, Martinsee"]
[Date "2021.11.21"]
[Round "5.7"]
[White "Vinogradov, Ilia"]
[Black "Dorfner, Jeremias"]
[Result "1/2-1/2"]
[WhiteElo "1177"]
[BlackElo "1198"]
[PlyCount "80"]
[EventDate "2021.??.??"]
[WhiteTeam "SV Walldorf"]
[BlackTeam "TV-GroÃŸostheim"]

1. e4 e5 2. Nf3 Nc6 3. Bc4 Bc5 4. d3 h6 5. Nc3 Nf6 6. Be3 Bb6 7. h3 d6 8. Qd2
Be6 9. Bb3 Qd7 10. O-O Ne7 11. d4 exd4 12. Nxd4 Ng6 13. f4 Bxb3 14. Nxb3 O-O-O
15. Bxb6 axb6 16. a4 c6 17. a5 bxa5 18. Nxa5 Kc7 19. Na4 Nxe4 20. Qb4 b5 21.
Qxe4 bxa4 22. Rxa4 Ra8 23. b4 Rhe8 24. Qc4 Reb8 25. Rb1 Rb5 26. Qb3 d5 27. Qc3
f6 28. Nxc6 Qxc6 29. Qxc6+ Kxc6 30. Rxa8 Nxf4 31. Kf2 Kb7 32. Rg8 Ne6 33. Ke3
Kc6 34. Ra8 Kb7 35. Ra5 Kb6 36. Rxb5+ Kxb5 37. c3 Kc4 38. Kd2 Nc7 39. g4 Nb5
40. Rc1 Nd6 1/2-1/2

[Event "Sparkassen-Open J"]
[Site "Heusenstamm, Martinsee"]
[Date "2021.11.21"]
[Round "5.8"]
[White "Valean, David-Andrei"]
[Black "Sasikumar Anitha, Sarvesh"]
[Result "1-0"]
[WhiteElo "1237"]
[BlackElo "995"]
[PlyCount "105"]
[EventDate "2021.??.??"]
[WhiteTeam "SK Schweinfurt"]
[BlackTeam "TuS Makkabi"]

1. e4 g6 2. Nf3 Bg7 3. Bc4 c5 4. d3 d6 5. Nc3 Nf6 6. Be3 O-O 7. a3 Nc6 8. d4
cxd4 9. Nxd4 e5 10. Nde2 Bd7 11. Qxd6 Bg4 12. Qxd8 Rfxd8 13. Bg5 Bxe2 14. Nxe2
Re8 15. f3 h6 16. Bxf6 Bxf6 17. O-O-O Rad8 18. Bd5 Kg7 19. Kb1 g5 20. c3 Kg8
21. Ng3 Kg7 22. Nf5+ Kg6 23. g3 Rb8 24. h4 Ne7 25. h5+ Kh7 26. Bxf7 Rf8 27.
Nxe7 Rxf7 28. Ng6 Bd8 29. Nxe5 Rf8 30. Nd7 Bc7 31. Nxf8+ Rxf8 32. Rd7+ Kg8 33.
Rxc7 Rxf3 34. Rd1 Rf8 35. Rdd7 Rf1+ 36. Ka2 g4 37. Rc8+ Rf8 38. Rxf8+ Kxf8 39.
Rxb7 a5 40. Rh7 Kg8 41. Ra7 a4 42. b3 axb3+ 43. Kxb3 Kf8 44. Kc4 Ke8 45. Kd5
Kd8 46. Ke6 Kc8 47. Kd6 Kb8 48. Rg7 Ka8 49. Kc6 Kb8 50. Rc7 Ka8 51. Kb6 Kb8 52.
Rc6 Ka8 53. Rc8# 1-0

[Event "Sparkassen-Open J"]
[Site "Heusenstamm, Martinsee"]
[Date "2021.11.21"]
[Round "5.9"]
[White "Yang, Marco"]
[Black "Himmelspacht, Maxim"]
[Result "0-1"]
[WhiteElo "1236"]
[BlackElo "1538"]
[PlyCount "80"]
[EventDate "2021.??.??"]
[WhiteTeam "SK Mannheim-Lindenhof"]
[BlackTeam "SK GieÃŸen"]

1. e4 e6 2. d4 d5 3. Nc3 Bb4 4. e5 c5 5. a3 Bxc3+ 6. bxc3 cxd4 7. cxd4 Ne7 8.
Nf3 O-O 9. Bd2 Nbc6 10. Bd3 h6 11. O-O b6 12. Qc1 Nf5 13. Bxf5 exf5 14. Rb1 Be6
15. Re1 Rc8 16. Rb3 Kh7 17. Be3 Na5 18. Rd3 Qc7 19. Re2 Qe7 20. Nd2 Rc6 21. Nb3
Nc4 22. Bxh6 gxh6 23. Qf4 Qg5 24. Qxg5 hxg5 25. Rh3+ Kg6 26. Nd2 Nxd2 27. Rxd2
Rfc8 28. Rg3 Rxc2 29. Rxc2 Rxc2 30. f4 g4 31. Rd3 Bd7 32. g3 Bb5 33. Rb3 Bc4
34. Rb4 Rc3 35. a4 Rb3 36. Rxc4 dxc4 37. d5 c3 38. d6 c2 39. d7 c1=Q+ 40. Kg2
Rb2# 0-1

[Event "Sparkassen-Open J"]
[Site "Heusenstamm, Martinsee"]
[Date "2021.11.21"]
[Round "5.10"]
[White "Vick, Edward"]
[Black "Gossen, Michael"]
[Result "1-0"]
[WhiteElo "1242"]
[BlackElo "1061"]
[PlyCount "85"]
[EventDate "2021.??.??"]
[WhiteTeam "TuS Makkabi Wiesbaden"]
[BlackTeam "TuS Makkabi Wiesbaden"]

1. d4 d5 2. c4 e6 3. e3 c5 4. Nc3 Nf6 5. Nf3 Nc6 6. Qb3 cxd4 7. Nxd4 Nxd4 8.
exd4 Bd6 9. cxd5 exd5 10. Bb5+ Bd7 11. Bxd7+ Qxd7 12. Nxd5 Nxd5 13. O-O O-O 14.
f4 Nf6 15. f5 Bc7 16. Bg5 Qxd4+ 17. Kh1 Qe5 18. Bf4 Qc5 19. Rac1 Qxf5 20. Bxc7
Qg5 21. Bf4 Qh4 22. Rc3 Qg4 23. Rg3 Qe2 24. Rb1 Qe4 25. Rf1 Nh5 26. Rgf3 Nxf4
27. Rxf4 Qe7 28. g3 b6 29. Qd5 Rad8 30. Qb3 Qb7+ 31. Kg1 Qe7 32. Qc3 f6 33. Qc2
Qe3+ 34. Kh1 Rd2 35. Qc4+ Kh8 36. R4f3 Qe2 37. Qxe2 Rxe2 38. Rb3 Rd8 39. Rc1 h6
40. Kg1 Rdd2 41. h4 Rg2+ 42. Kf1 Rxg3 43. Rxg3 1-0

[Event "Sparkassen-Open J"]
[Site "Heusenstamm, Martinsee"]
[Date "2021.11.21"]
[Round "5.11"]
[White "Dietrich, Fabian"]
[Black "Zargaran, Sepas"]
[Result "0-1"]
[WhiteElo "1248"]
[BlackElo "1038"]
[PlyCount "60"]
[EventDate "2021.??.??"]
[WhiteTeam "SK Marburg"]
[BlackTeam "VSG Offenbach"]

1. e4 e5 2. Nf3 Nf6 3. Nxe5 Nxe4 4. Qe2 Qe7 5. Qxe4 d6 6. d4 dxe5 7. Qxe5 Qxe5+
8. dxe5 Nc6 9. Bb5 Bd7 10. f4 Bc5 11. Bd2 O-O-O 12. Nc3 Nd4 13. Bxd7+ Rxd7 14.
O-O-O Rhd8 15. Be3 Ne2+ 16. Kb1 Nxc3+ 17. bxc3 Rxd1+ 18. Rxd1 Rxd1+ 19. Kb2
Bxe3 20. g4 Bxf4 21. a4 Bxe5 22. h4 h5 23. gxh5 f5 24. a5 f4 25. Kb3 f3 26. c4
Rb1+ 27. Ka4 f2 28. c5 f1=Q 29. h6 Qc4+ 30. Ka3 Ra1# 0-1

[Event "Sparkassen-Open J"]
[Site "Heusenstamm, Martinsee"]
[Date "2021.11.21"]
[Round "5.12"]
[White "Plaumann, Finja"]
[Black "Milman, Sophie"]
[Result "0-1"]
[WhiteElo "978"]
[BlackElo "1202"]
[PlyCount "106"]
[EventDate "2021.??.??"]
[WhiteTeam "SF Heidesheim"]
[BlackTeam "SC Heusenstamm"]

1. d4 d5 2. c4 e6 3. Nc3 Nf6 4. Bf4 c6 5. Nf3 Be7 6. e3 O-O 7. Bd3 Nbd7 8. O-O
Re8 9. c5 Nf8 10. Ne5 N8d7 11. Nxd7 Qxd7 12. Bc2 Bd8 13. Qd3 g6 14. Be5 Ng4 15.
Bd6 Bc7 16. Bxc7 Qxc7 17. g3 e5 18. Rfe1 Bf5 19. Qd2 Qd7 20. Ne2 Qe6 21. Bxf5
Qxf5 22. f4 exd4 23. Nxd4 Qe4 24. Nc2 Re7 25. Re2 Rae8 26. Rae1 b6 27. cxb6
axb6 28. b4 c5 29. a3 c4 30. Qc1 Qf3 31. Nd4 Qe4 32. Nc2 c3 33. a4 Qd3 34. a5
bxa5 35. bxa5 d4 36. Qd1 Qxd1 37. Rxd1 dxe3 38. Rd3 Rc8 39. Kg2 h5 40. h3 Nf2
41. Rdxe3 Rxe3 42. Rxe3 Nd1 43. Re4 Nb2 44. Rb4 Kf8 45. Rb5 Rd8 46. Kf3 Rd2 47.
Na3 c2 48. Rc5 Rd3+ 49. Ke2 Rxa3 50. Rxc2 Rxg3 51. a6 Rg2+ 52. Ke3 Rxc2 53. a7
Rc8 0-1

[Event "Sparkassen-Open J"]
[Site "Heusenstamm, Martinsee"]
[Date "2021.11.21"]
[Round "5.13"]
[White "Kollmer, Otto"]
[Black "Scheerer, Amelie"]
[Result "0-1"]
[WhiteElo "963"]
[BlackElo "1134"]
[Annotator "Schloessner,Henrik"]
[PlyCount "36"]
[EventDate "2021.??.??"]
[WhiteTeam "VSG Offenbach"]
[BlackTeam "SV Ffm-Griesheim"]

1. e4 e5 2. Nf3 Nc6 3. d4 exd4 4. Nxd4 Bc5 5. Nb3 Bb6 6. Nc3 d6 7. Qe2 Nf6 8.
Be3 O-O 9. f3 Be6 10. O-O-O a5 11. a4 Bxe3+ 12. Qxe3 Nb4 13. g4 Qd7 14. h4 Bxb3
15. cxb3 Qc6 16. g5 Nd7 17. Bb5 Qb6 18. Qe2 Nc5 {An dieser Stelle spielte
WeiÃŸ Kc2, was zwar im nÃ¤chsten Zug durch Kb1 wieder korrigiert wurde, wegen
des Sb4 aber leider trotzdem illegal ist! 0-1 (35)} 0-1

[Event "Sparkassen-Open J"]
[Site "Heusenstamm, Martinsee"]
[Date "2021.11.21"]
[Round "5.14"]
[White "Staat, Christian"]
[Black "Carls, Bela"]
[Result "1-0"]
[WhiteElo "1096"]
[BlackElo "955"]
[PlyCount "79"]
[EventDate "2021.??.??"]
[WhiteTeam "VSG Offenbach"]
[BlackTeam "Frankfurter TV"]

1. d4 d5 2. c4 c6 3. Nc3 Nf6 4. Nf3 Bf5 5. Qb3 e6 6. Qxb7 Nbd7 7. Qxc6 Rc8 8.
Qb5 a5 9. e3 Bb4 10. Bd2 O-O 11. a3 Bxc3 12. Bxc3 Ne4 13. Bxa5 Qe7 14. Bb4 Qd8
15. c5 Rb8 16. Qe2 Ndf6 17. Nh4 Bg4 18. f3 Bh5 19. g4 Bxg4 20. fxg4 Ra8 21. Bg2
Qb8 22. Bxe4 Nxe4 23. Rc1 e5 24. c6 Rc8 25. Nf5 Rc7 26. Ne7+ Kh8 27. Nxd5 Rc8
28. Ne7 Rc7 29. Qg2 Nf6 30. Bd6 Qd8 31. dxe5 Ne8 32. Bxc7 Qxc7 33. Nd5 Qa5+ 34.
Qd2 Qxd2+ 35. Kxd2 Rd8 36. e4 Nc7 37. Ke3 Nxd5+ 38. exd5 Rxd5 39. c7 Rxe5+ 40.
Kf4 1-0

[Event "Sparkassen-Open J"]
[Site "Heusenstamm, Martinsee"]
[Date "2021.11.21"]
[Round "5.15"]
[White "Schwab, Florentin"]
[Black "Niesel, Sebastian"]
[Result "0-1"]
[WhiteElo "947"]
[BlackElo "1087"]
[PlyCount "102"]
[EventDate "2021.??.??"]
[WhiteTeam "SC Aschaffenburg"]
[BlackTeam "SV Ffm-Griesheim"]

1. e4 e5 2. Nf3 Nc6 3. Bb5 d6 4. c3 Nf6 5. d3 h6 6. O-O Bg4 7. Nbd2 Be7 8. Re1
O-O 9. Nf1 a6 10. Ba4 b5 11. Bb3 d5 12. Qe2 d4 13. h3 Bh5 14. Ng3 Bg6 15. Bd2
Nh5 16. Rf1 Qd7 17. Bd5 Nxg3 18. fxg3 Bc5 19. Nh4 Qd6 20. Nf5 Bxf5 21. Bxc6
dxc3+ 22. Be3 Qxc6 23. exf5 Qb6 24. Bxc5 Qxc5+ 25. Kh2 cxb2 26. Rab1 Rad8 27.
f6 g6 28. Qd2 Kh7 29. Qe2 Qd5 30. Rfd1 Rfe8 31. Rxb2 e4 32. Rbd2 e3 33. Rc2 c6
34. Rc3 Rd6 35. d4 Rxf6 36. Rxe3 Rxe3 37. Qxe3 Qxa2 38. Qe5 Qe6 39. Qc5 a5 40.
Qa7 a4 41. Qxa4 bxa4 42. Ra1 Qc4 43. Rd1 Rf2 44. h4 a3 45. Ra1 a2 46. Kh3 Qe6+
47. Kh2 Qe2 48. Rg1 a1=R 49. Rxa1 Rxg2+ 50. Kh1 Rh2+ 51. Kg1 Qg2# 0-1

[Event "Sparkassen-Open J"]
[Site "Heusenstamm, Martinsee"]
[Date "2021.11.21"]
[Round "5.16"]
[White "Glavev, Danail"]
[Black "Neininger, Pascal"]
[Result "1/2-1/2"]
[WhiteElo "929"]
[BlackElo "1036"]
[PlyCount "40"]
[EventDate "2021.??.??"]
[WhiteTeam "SK Bad Homburg"]
[BlackTeam "SV Oberursel"]

1. e4 e5 2. Nf3 Nf6 3. Nc3 Nc6 4. Bb5 a6 5. Ba4 d5 6. exd5 Nxd5 7. Bxc6+ bxc6
8. Nxe5 Nxc3 9. bxc3 Bd6 10. Nxc6 Qg5 11. Qf3 Bb7 12. O-O O-O 13. Ne7+ Qxe7 14.
Qxb7 Qe5 15. g3 h5 16. Qg2 Rae8 17. Bb2 Re6 18. h4 Qf5 19. d3 Re2 20. Rac1 Rb8
1/2-1/2

[Event "Sparkassen-Open J"]
[Site "Heusenstamm, Martinsee"]
[Date "2021.11.21"]
[Round "5.17"]
[White "Belin, Anton"]
[Black "Steigerwald, Alexander"]
[Result "0-1"]
[WhiteElo "911"]
[BlackElo "1017"]
[PlyCount "120"]
[EventDate "2021.??.??"]
[WhiteTeam "SK Bad Homburg"]
[BlackTeam "SC Aschaffenburg"]

1. e4 c5 2. Nf3 Nc6 3. Bc4 Nf6 4. Nc3 d6 5. Bb5 Bd7 6. Bxc6 Bxc6 7. d3 g6 8.
O-O Bg7 9. Re1 e5 10. Bg5 O-O 11. Nd5 Bxd5 12. exd5 h6 13. Bxf6 Qxf6 14. c4
Rfe8 15. Qb3 b6 16. Qc3 Re7 17. h3 Rae8 18. Rad1 e4 19. Qxf6 Bxf6 20. dxe4 Rxe4
21. Rxe4 Rxe4 22. b3 Re2 23. Rd2 Rxd2 24. Nxd2 Kg7 25. a4 a5 26. Kf1 Bc3 27.
Ne4 Be5 28. g3 f5 29. Nd2 Kf6 30. Ke2 h5 31. f4 Bc3 32. h4 Kf7 33. Kd3 Bd4 34.
Nf3 Bf2 35. Ke2 Bxg3 36. Ke3 Kf6 37. Ng5 Bxh4 38. Ne6 g5 39. Kf3 g4+ 40. Kg2
Be1 41. Kf1 Bg3 42. Kg1 h4 43. Nc7 Bxf4 44. Ne6 Bg5 45. Kh2 Be3 46. Kg2 Bd4 47.
Kh2 Be5+ 48. Kg2 h3+ 49. Kg1 f4 50. Nxf4 Bxf4 51. Kh1 g3 52. Kg1 Ke5 53. Kh1
Kd4 54. Kg1 Kc3 55. Kf1 Kxb3 56. Ke2 h2 57. Kd3 h1=Q 58. Ke2 Qe4+ 59. Kd1 Qg2
60. Ke1 Kc3 0-1

[Event "Sparkassen-Open J"]
[Site "Heusenstamm, Martinsee"]
[Date "2021.11.21"]
[Round "5.22"]
[White "Schilling, Pascal"]
[Black "Meier, Viktoria"]
[Result "0-1"]
[WhiteElo "895"]
[BlackElo "1312"]
[PlyCount "66"]
[EventDate "2021.??.??"]
[WhiteTeam "SV Ffm-Griesheim"]
[BlackTeam "Eichstetten"]

1. e4 d6 2. d4 Nf6 3. Nc3 Nbd7 4. Bb5 e5 5. dxe5 dxe5 6. Nf3 c6 7. Bc4 Be7 8.
b3 b5 9. Be2 O-O 10. O-O a6 11. Nh4 Nxe4 12. Nxe4 Bxh4 13. Ba3 Be7 14. Bc1 Nf6
15. Nxf6+ Bxf6 16. Ba3 Re8 17. Bf3 Bb7 18. c4 e4 19. Qxd8 Raxd8 20. Bg4 Bxa1
21. Rxa1 Rd3 22. cxb5 cxb5 23. Rf1 Rd2 24. Bc1 Rdd8 25. Re1 Bc8 26. Bxc8 Rxc8
27. Bd2 Rc2 28. Bf4 Rxa2 29. g3 Rb2 30. f3 e3 31. Rxe3 Rxe3 32. Bxe3 Rxb3 33.
Kf2 a5 0-1

[Event "Sparkassen-Open J"]
[Site "Heusenstamm, Martinsee"]
[Date "2021.11.21"]
[Round "5.23"]
[White "Galea, Luca"]
[Black "Ivanov, Emily"]
[Result "0-1"]
[WhiteElo "860"]
[BlackElo "725"]
[PlyCount "36"]
[EventDate "2021.??.??"]
[WhiteTeam "VSG Offenbach"]
[BlackTeam "TuS Makkabi Wiesbaden"]

1. e4 e6 2. Nf3 d5 3. e5 Bc5 4. Qe2 Ne7 5. Qb5+ Bd7 6. Qxc5 O-O 7. Bd3 b6 8.
Qe3 Nbc6 9. Ng5 g6 10. Qh3 h5 11. O-O Nxe5 12. Ba6 Rb8 13. Re1 N7c6 14. Bb5
Qxg5 15. d3 Qf6 16. c3 Ng4 17. Bxc6 Qxf2+ 18. Kh1 Qxe1# 0-1

[Event "Sparkassen-Open J"]
[Site "Heusenstamm, Martinsee"]
[Date "2021.11.21"]
[Round "6.1"]
[White "Sydykov, Bayastan"]
[Black "Schwab, Lysander"]
[Result "1-0"]
[WhiteElo "1544"]
[BlackElo "1282"]
[PlyCount "101"]
[EventDate "2021.??.??"]
[WhiteTeam "SK Gießen"]
[BlackTeam "SC Aschaffenburg"]

1. e4 c5 2. Nf3 Nc6 3. Bb5 Nf6 4. d3 d6 5. O-O Bd7 6. Nc3 g6 7. Re1 Bg7 8. Bf4
O-O 9. e5 dxe5 10. Nxe5 Nxe5 11. Bxe5 Bxb5 12. Nxb5 a6 13. Nc3 Re8 14. Qf3 Qd7
15. Bxf6 Bxf6 16. Ne4 Bxb2 17. Rab1 Bd4 18. c3 Bg7 19. Nxc5 Qc7 20. d4 b6 21.
Qb7 Qxb7 22. Nxb7 b5 23. Nc5 Bh6 24. Re2 Bg5 25. a4 bxa4 26. Ra2 Rec8 27. Nxa4
e6 28. Rab2 Be7 29. Nb6 Rab8 30. Nxc8 Rxc8 31. Rb8 Rxb8 32. Rxb8+ Kg7 33. Ra8
Ba3 34. Rxa6 Bb2 35. Rc6 Kf8 36. Kf1 h6 37. Ke2 Ke7 38. Kd3 f5 39. c4 Kf6 40.
d5 Kg5 41. Rxe6 h5 42. d6 Bf6 43. c5 h4 44. c6 f4 45. c7 Kf5 46. c8=Q g5 47.
Re8+ Kg6 48. Rg8+ Kh5 49. h3 g4 50. Qxg4+ Kh6 51. Qg6# 1-0